000 01001cam a22002535a 4500
001 L159096
008 110927s2014 xxk f 001 0 eng d
020 _a9781783210701
035 _a(Sirsi) u159096
041 0 _aeng
050 0 4 _a692.5 $2 18
110 2 _aBuilding Cost Information Service
_91096
245 0 0 _aAlterations and refurbishment price book
_bMaintenance and operating costs
_b2015
250 _a20th ed.
260 _aBCIS
_c2014
300 _a1
_fv.
_c30 cm.
520 _aIncludes nearly 5 000 fully updated materials prices, almost 12 500 built-up work items and over 600 approximate estimating prices. Contains unit rates, labour hours, material prices and waste factors, plant time, hire rates, detailed approximate estimating, preliminaries and day works, as well as a comprehensive memoranda list.
520 _aSupersedes 19th ed.
521 _aAdvanced
590 _aKA
651 4 _aUnited Kingdom
_y
690 _aBUILT ENVIRONMENT-BUILDING COSTS
942 _n0
999 _c115672
_d115672